Risky Clicking: Biggest States A to Z Quiz Stats

 Plays Quiz Updated Jun 8, 2012

Support Sporcle.
Go Orange.
Score 0/19 Timer 04:00
6 Plays Today
% Correct
???
89.4%
???
86.6%
???
79.1%
???
77.5%
???
76.9%
???
76.5%
???
61.4%
???
57.8%
???
57.6%
???
52.2%
% Correct
???
44.4%
???
34.1%
???
33.8%
???
32.7%
???
30.3%
???
28.9%
???
28%
???
25.7%
???
24.5%

You're not logged in!

Compare scores with friends on all Sporcle quizzes.
OR
Log In

From the Vault

Pun Fun II

by LonelySpore

Someone once told us that they quality of a pun can be measured in how much it makes your audience cringe.
Remove Ads.
Support Sporcle.
Get the best of Sporcle when you Go Orange. This ad-free experience offers more features, more stats, and more fun while also helping to support Sporcle. Thank you for becoming a member.

Show Comments

Extras

Top Quizzes Today


Score Distribution

Your Account Isn't Verified!

In order to create a playlist on Sporcle, you need to verify the email address you used during registration. Go to your Sporcle Settings to finish the process.

Report this User

Report this user for behavior that violates our Community Guidelines.

Details: